00253nam a22001097a 4500020001500000082001200015100001800027245005400045260002000099300000800119650001600127 a0471455865 a510 MUS aMusser Grav.L aEssentials of Mathematics For Elementary Teachers aNew YorkbWiley a692 aMathematics